Μηχανική
Αποθηκεύτηκε σε:
| Κύριος συγγραφέας: | |
|---|---|
| Συγγραφή απο Οργανισμό/Αρχή: | |
| Άλλοι συγγραφείς: | , |
| Μορφή: | Βιβλίο |
| Γλώσσα: | Greek English |
| Δημοσίευση: |
Αθήνα :
O.Ε.Δ.Β.,
1985.
|
| Σειρά: | Μαθήματα φυσικής του Πανεπιστημίου του Berkley ;
1 |
| Θέματα: | |
| Ετικέτες: |
Προσθήκη ετικέτας
Δεν υπάρχουν, Καταχωρήστε ετικέτα πρώτοι!
|
MARC
| LEADER | 00000cam a2200000 i 4500 | ||
|---|---|---|---|
| 001 | 1/35144 | ||
| 008 | 941103s1985 gr | ||| |||| ||gre|| | ||
| 035 | |a 1987 |l 10039854 | ||
| 040 | |a GR-MyUa |b gre |e AACR2 | ||
| 041 | 1 | |a gre |h eng | |
| 082 | 7 | |a 531 |2 (22) | |
| 100 | 1 | |a Kittel, Charles. | |
| 245 | 1 | 0 | |a Μηχανική / |c Charles Kittel...[κ. ά.]. |
| 260 | |a Αθήνα : |b O.Ε.Δ.Β., |c 1985. | ||
| 300 | |a 367 σ. ; |c 28 εκ. | ||
| 490 | 1 | |a (Μαθήματα φυσικής του Πανεπιστημίου του Berkley ; |v 1) | |
| 500 | |a Η ελληνική απόδοση του πρώτου τόμου εγινε απο το διδακτικό προσωπικό του εργαστηρίου φυσικής Ι του Ε.Μ. πολυτεχνείου με διευθυντή σύνταξης τον καθηγητή Γ. Βουδούρη. | ||
| 504 | |a Περιλαμβάνει βιβλιογραφίες και ευρετήριο. | ||
| 650 | 0 | |a Mechanics. | |
| 650 | 0 | |a Mathematical physics. | |
| 700 | 1 | |a Knight, Walter D. | |
| 700 | 1 | |a Ruderman, Malvin A. | |
| 710 | 2 | |a Berkley, University. | |
| 765 | 0 | 8 | |i Μετάφραση του: |t Mechanics / |
| 830 | 0 | |a Μαθήματα φυσικής του Πανεπιστημίου του Berkley ; |v 1 | |
| 852 | |a INST |b SAMOS |e 19941103 |h 531 KIT |p 005300000800 |q 005300000800 |t BK |y 0 | ||
| 852 | |a INST |b SAMOS |e 19941103 |h 531 KIT |p 005300000801 |q 005300000801 |t BK |y 0 | ||
| 852 | |a INST |b SAMOS |e 19941103 |h 531 KIT |p 005300000802 |q 005300000802 |t BK |y 0 | ||
| 852 | |a INST |b SAMOS |e 19941103 |h 531 KIT |p 005300000803 |q 005300000803 |t BK |y 23 | ||
| 852 | |a INST |b SAMOS |e 19941103 |h 531 KIT |p 005300000804 |q 005300000804 |t BK |y 0 | ||